[Event "SR 2. liga A 2018/2019"]
[Site "?"]
[Date "2018.12.15"]
[Round "5.8"]
[White "Kubis, Ivan"]
[Black "Vozarova, Adriana"]
[Result "1/2-1/2"]
[WhiteElo "1890"]
[BlackElo "1601"]
[PlyCount "87"]
[EventDate "2018.??.??"]
[WhiteTeam "SK Nafta Gbely"]
[BlackTeam "SK Osuske B"]

1. e4 c5 2. Nf3 Nc6 3. d4 cxd4 4. Nxd4 g6 5. c4 Bg7 6. Be3 Nf6 7. Nc3 Ng4 8.
Qxg4 Nxd4 9. Qd1 Nc6 10. Qd2 O-O 11. Be2 d6 12. O-O Be6 13. Rac1 Rc8 14. f4 Qd7
15. h3 b6 16. g4 Na5 17. b3 Qd8 18. f5 Bd7 19. Nd5 Bc6 20. Bh6 Bxd5 21. exd5
Nb7 22. b4 Re8 23. Bd3 a5 24. Bxg7 Kxg7 25. a3 Qc7 26. Qf4 Rf8 27. f6+ exf6 28.
Qxf6+ Kg8 29. Rce1 Rce8 30. h4 Qd8 31. Qf2 Qd7 32. Qf4 Rxe1 33. Rxe1 Qa4 34.
bxa5 Qxa5 35. Re3 Nc5 36. Be2 Qe1+ 37. Kg2 Qxh4 38. Rh3 Qe1 39. Re3 Qd2 40. Kf3
Qe1 41. Kg2 Qd2 42. Kf3 Qe1 43. Kg2 Qd2 44. Kf3 1/2-1/2

[Event "SR 2. liga A 2018/2019"]
[Site "?"]
[Date "2018.12.15"]
[Round "5.1"]
[White "Gasa, Patrik"]
[Black "Sosna, Jan"]
[Result "0-1"]
[WhiteElo "2176"]
[BlackElo "2338"]
[PlyCount "164"]
[EventDate "2018.??.??"]
[WhiteTeam "SK Kupele Piestany"]
[BlackTeam "SK Skalica"]

1. d4 d5 2. c4 e6 3. Nc3 c6 4. e4 dxe4 5. Nxe4 Bb4+ 6. Bd2 Qxd4 7. Bxb4 Qxe4+
8. Be2 Na6 9. Ba5 Bd7 10. Nf3 Nf6 11. Qd6 Qf5 12. Ne5 Qxf2+ 13. Kxf2 Ne4+ 14.
Ke3 Nxd6 15. Rad1 Nf5+ 16. Kf2 Nc5 17. g4 Ne7 18. Bb4 f6 19. Bxc5 fxe5 20. Bd6
O-O+ 21. Ke3 Rf7 22. Bxe5 Ng6 23. Bd6 e5 24. h3 Re8 25. Bf3 Be6 26. b3 Rd7 27.
Bc5 Rdd8 28. Bd6 Bf7 29. Be4 Nf4 30. h4 Bg6 31. h5 Bxe4 32. Kxe4 Nd5 33. cxd5
Rxd6 34. dxc6 Rxc6 35. Rd7 Rf6 36. Rxb7 Rf4+ 37. Ke3 Rxg4 38. Rxa7 h6 39. Rc1
Rg3+ 40. Ke4 Rg4+ 41. Kf3 Rg5 42. Rcc7 Rf8+ 43. Ke3 Rf4 44. Re7 Rh4 45. Re8+
Kh7 46. Ra5 Rhxh5 47. b4 Rg4 48. b5 Rb4 49. Kd3 Rh3+ 50. Kc2 Rc4+ 51. Kb2 e4
52. b6 Rb4+ 53. Kc2 Rxb6 54. Rxe4 Rg6 55. Kd2 h5 56. Ke2 Kh6 57. Kf2 Rc6 58.
Kg2 Rd3 59. Re2 h4 60. Ra8 g5 61. a4 Ra3 62. Rb2 Kh5 63. a5 Rc5 64. a6 Rca5 65.
Rh8+ Kg4 66. Rb4+ Kf5 67. Rf8+ Ke5 68. a7 Rg3+ 69. Kf2 Ra2+ 70. Kf1 Ra1+ 71.
Kf2 Ra2+ 72. Kf1 Rxa7 73. Kf2 Ra2+ 74. Kf1 Rc3 75. Rb5+ Ke6 76. Rb6+ Ke7 77.
Rf2 Rxf2+ 78. Kxf2 Kf7 79. Ra6 Rc4 80. Kg2 Rg4+ 81. Kh3 Rg3+ 82. Kh2 Rf3 0-1

[Event "SR 2. liga A 2018/2019"]
[Site "?"]
[Date "2018.12.15"]
[Round "5.2"]
[White "Kapusta, Petr"]
[Black "Abel, Peter"]
[Result "1-0"]
[WhiteElo "2217"]
[BlackElo "2222"]
[PlyCount "177"]
[EventDate "2018.??.??"]
[WhiteTeam "SK Skalica"]
[BlackTeam "SK Kupele Piestany"]

1. e4 Nf6 2. Nc3 d5 3. e5 d4 4. exf6 dxc3 5. fxg7 cxd2+ 6. Bxd2 Bxg7 7. Qf3 Nc6
8. Bb5 Qd6 9. Ne2 Bd7 10. O-O-O Qf6 11. Qxf6 Bxf6 12. Bc3 Bxc3 13. Nxc3 O-O-O
14. Nd5 e6 15. Bxc6 bxc6 16. Nf6 c5 17. Nxd7 Rxd7 18. Rxd7 Kxd7 19. Rd1+ Kc6
20. Rd3 Rg8 21. g3 f5 22. Ra3 Kb6 23. Re3 Re8 24. Re5 Kc6 25. b3 Kd6 26. f4 Rb8
27. c3 a5 28. Kc2 a4 29. bxa4 Rb6 30. Re2 Rb8 31. Re1 Kd5 32. Re5+ Kd6 33. Re1
h6 34. Rd1+ Kc6 35. Rd2 h5 36. Rd3 h4 37. gxh4 Rh8 38. Rh3 Rh5 39. Kd3 Kd5 40.
c4+ Kc6 41. Kc3 Kb6 42. Kd2 Ka5 43. a3 Kxa4 44. Ke2 c6 45. Kf2 Ka5 46. Kg2 Ka4
47. Kh1 Ka5 48. Kg1 Ka4 49. Kg2 Ka5 50. Rf3 Rxh4 51. h3 Ka4 52. Kg3 Rh6 53. Re3
Ka5 54. h4 Ka4 55. Kh3 Ka5 56. Rg3 Ka4 57. Rd3 Ka5 58. Re3 Ka4 59. Re5 Kxa3 60.
Rxc5 Kb4 61. Rxc6 Rg6 62. h5 Rg1 63. Kh4 Rg4+ 64. Kh3 Rg1 65. Rxe6 Rh1+ 66. Kg3
Rxh5 67. Rc6 Rh8 68. c5 Kb5 69. Rf6 Rg8+ 70. Kf3 Kxc5 71. Rxf5+ Kd6 72. Re5 Rg1
73. Re2 Kd5 74. f5 Kd6 75. Kf4 Kd7 76. f6 Rf1+ 77. Kg5 Rg1+ 78. Kf5 Rf1+ 79.
Kg6 Rg1+ 80. Kf7 Rg3 81. Rd2+ Kc7 82. Kf8 Rg1 83. f7 Kc6 84. Rd4 Kc5 85. Re4
Ra1 86. Kg7 Rg1+ 87. Kf6 Kd5 88. Re2 Rg3 89. f8=Q 1-0

[Event "SR 2. liga A 2018/2019"]
[Site "?"]
[Date "2018.12.15"]
[Round "5.3"]
[White "Nemsak, Denis"]
[Black "Koutny, Petr"]
[Result "1/2-1/2"]
[WhiteElo "1992"]
[BlackElo "2231"]
[PlyCount "120"]
[EventDate "2018.??.??"]
[WhiteTeam "SK Kupele Piestany"]
[BlackTeam "SK Skalica"]

1. c4 c6 2. e4 e5 3. Nf3 d6 4. d4 Bg4 5. Be2 Nd7 6. O-O Ngf6 7. Nc3 Be7 8. Be3
Qc7 9. Qd2 O-O 10. Rab1 Rfe8 11. Rfc1 Bxf3 12. Bxf3 exd4 13. Bxd4 Nc5 14. Re1
Rad8 15. Qc2 Nfd7 16. Rbd1 Ne5 17. Be2 Bf6 18. Bxc5 dxc5 19. f4 Ng6 20. e5 Be7
21. Bd3 Nxf4 22. Bxh7+ Kh8 23. Qf5 Bf8 24. Qxf4 Kxh7 25. Rxd8 Rxd8 26. Ne4 Kg8
27. Ng5 Qd7 28. h3 Qd4+ 29. Qxd4 cxd4 30. Kf2 d3 31. e6 Bc5+ 32. Kf3 fxe6 33.
Nxe6 Re8 34. Re4 Bg1 35. h4 c5 36. b3 b6 37. g4 g6 38. h5 gxh5 39. gxh5 Re7 40.
Rg4+ Kh8 41. Rxg1 Rxe6 42. Rd1 Rh6 43. Rxd3 Rxh5 44. Rd7 a5 45. Rd6 Rh2 46.
Rxb6 Rxa2 47. Ke4 a4 48. bxa4 Rd2 49. a5 Rd4+ 50. Ke5 Rxc4 51. a6 Ra4 52. Kd5
c4 53. Kc5 c3 54. Kb5 c2 55. Rc6 Ra2 56. Kb6 Kg7 57. a7 Rb2+ 58. Kc7 Ra2 59.
Kb7 Rb2+ 60. Kc8 Ra2 1/2-1/2

[Event "SR 2. liga A 2018/2019"]
[Site "?"]
[Date "2018.12.15"]
[Round "5.4"]
[White "Husek, Martin"]
[Black "Manak, Jozef"]
[Result "1-0"]
[WhiteElo "2200"]
[BlackElo "1965"]
[PlyCount "82"]
[EventDate "2018.??.??"]
[WhiteTeam "SK Skalica"]
[BlackTeam "SK Kupele Piestany"]

1. e4 c5 2. Nf3 a6 3. c4 Nc6 4. d4 cxd4 5. Nxd4 Nf6 6. Nc3 e5 7. Nf5 d5 8. cxd5
Bxf5 9. exf5 Nd4 10. Bg5 Bb4 11. a3 Bxc3+ 12. bxc3 Nxf5 13. Bd3 Nd6 14. c4 Qa5+
15. Bd2 Qc7 16. O-O O-O 17. Rc1 b6 18. Re1 Nd7 19. f4 exf4 20. Bxf4 Rfe8 21.
Kh1 Qc5 22. Qf3 g6 23. Rf1 f5 24. a4 Ne4 25. Rce1 Ndf6 26. Be3 Qd6 27. Bd4 Nd2
28. Qf2 Nxf1 29. Rxf1 Ng4 30. Qg1 Qa3 31. Rd1 Rab8 32. Bf1 Qxa4 33. Ra1 Qc2 34.
Bxb6 Qe4 35. d6 Ne5 36. Rc1 Qc6 37. c5 Kg7 38. Bxa6 Nd7 39. Qd4+ Re5 40. Bc7
Qxc5 41. Qa1 Rbe8 1-0

[Event "SR 2. liga A 2018/2019"]
[Site "?"]
[Date "2018.12.15"]
[Round "5.5"]
[White "Manak, Adrian"]
[Black "Hudacek, Josef"]
[Result "0-1"]
[WhiteElo "1956"]
[BlackElo "2058"]
[PlyCount "82"]
[EventDate "2018.??.??"]
[WhiteTeam "SK Kupele Piestany"]
[BlackTeam "SK Skalica"]

1. e4 b6 2. d4 Bb7 3. Nc3 e6 4. Nf3 Bb4 5. Bd3 Nf6 6. Qe2 d5 7. exd5 Nxd5 8.
Bd2 Nxc3 9. bxc3 Be7 10. O-O Nd7 11. Bf4 O-O 12. c4 Nf6 13. c3 Re8 14. h3 c5
15. Rad1 Qc8 16. Ne5 g6 17. Rfe1 Nd7 18. f3 Nf6 19. a4 Nh5 20. Be3 Ng3 21. Qd2
Nf5 22. Bf2 a5 23. Bxf5 exf5 24. d5 Bd6 25. f4 Qc7 26. Bg3 Ba6 27. Qa2 f6 28.
Nd3 Re4 29. Rxe4 fxe4 30. Nf2 f5 31. Qd2 Bxc4 32. Rb1 Rb8 33. Nd1 Bd3 34. Rb2
g5 35. c4 gxf4 36. Bh4 Be5 37. Rb3 Bxc4 38. Ra3 Bd4+ 39. Kh1 Bxd5 40. Nc3 Bc6
41. Qe2 Qg7 0-1

[Event "SR 2. liga A 2018/2019"]
[Site "?"]
[Date "2018.12.15"]
[Round "5.6"]
[White "Kucharek, Jaroslav"]
[Black "Slaba, Andrea"]
[Result "1/2-1/2"]
[WhiteElo "2048"]
[BlackElo "1911"]
[PlyCount "150"]
[EventDate "2018.??.??"]
[WhiteTeam "SK Skalica"]
[BlackTeam "SK Kupele Piestany"]

1. d4 Nf6 2. c4 g6 3. Nc3 d5 4. cxd5 Nxd5 5. e4 Nxc3 6. bxc3 Bg7 7. Bc4 O-O 8.
Be3 c5 9. Ne2 cxd4 10. cxd4 Nc6 11. O-O Na5 12. Bd3 b6 13. Rc1 Bb7 14. Qa4 Rc8
15. Rxc8 Qxc8 16. Rc1 Qa8 17. d5 Rd8 18. Nf4 Qb8 19. Be2 Bc8 20. Qb4 Bf8 21.
Qc3 Bg7 22. Qc7 Bd7 23. Qxb8 Rxb8 24. Rc7 Rb7 25. Rc2 Be5 26. Ba6 Rc7 27. Rxc7
Bxc7 28. Nd3 e6 29. Bf4 Bxf4 30. Nxf4 exd5 31. Nxd5 Kg7 32. Kf1 f6 33. Ke2 Kf7
34. Kd3 Nc6 35. f4 Be6 36. a3 Bxd5 37. exd5 Nb8 38. Bc4 Ke7 39. Kd4 Kd6 40. g4
Nd7 41. Bd3 Nc5 42. Bc2 b5 43. h4 a5 44. g5 f5 45. h5 b4 46. axb4 axb4 47. Bxf5
gxh5 48. Bxh7 b3 49. Bf5 b2 50. Kc3 Kxd5 51. Kxb2 Ne6 52. g6 Ng7 53. Bh3 Ke4
54. f5 Ke5 55. Kc3 h4 56. Kd2 Kf6 57. Ke3 Kg5 58. Ke4 Kf6 59. Kf4 Ne8 60. Kg4
Ng7 61. Kxh4 Ne8 62. Kg4 Kg7 63. Kg5 Nf6 64. Bg2 Ng8 65. Bf3 Nf6 66. Kf4 Nd7
67. Bc6 Nf6 68. Ke5 Ng4+ 69. Ke6 Nf6 70. Ke5 Ng4+ 71. Kf4 Nf6 72. Kg5 Ng8 73.
Be4 Nf6 74. Bc2 Nd7 75. Kf4 Nf6 1/2-1/2

[Event "SR 2. liga A 2018/2019"]
[Site "?"]
[Date "2018.12.15"]
[Round "5.7"]
[White "Podjavorinsky, Michal"]
[Black "Stanec, Stanislav"]
[Result "0-1"]
[WhiteElo "1916"]
[BlackElo "2030"]
[PlyCount "78"]
[EventDate "2018.??.??"]
[WhiteTeam "SK Kupele Piestany"]
[BlackTeam "SK Skalica"]

1. e4 d5 2. exd5 Qxd5 3. Nc3 Qa5 4. Bc4 Nf6 5. d4 c6 6. Nf3 Bf5 7. Bd2 Qc7 8.
Nh4 Bg4 9. f3 Bc8 10. g3 e6 11. Qe2 Be7 12. Bf4 Qa5 13. Bd2 Qb6 14. O-O-O O-O
15. f4 Re8 16. Nf3 Qc7 17. Ne5 b5 18. Bd3 Bb7 19. Rhe1 Nbd7 20. g4 Nf8 21. g5
Nd5 22. Ne4 a5 23. Rg1 b4 24. Bc4 Ng6 25. Nxg6 hxg6 26. Qg4 c5 27. Nxc5 Bxc5
28. dxc5 Qxc5 29. Bd3 a4 30. Rg3 b3 31. a3 bxc2 32. Re1 Ba6 33. Be4 Rab8 34.
Bxd5 exd5 35. Rxe8+ Rxe8 36. Rc3 Bc4 37. Rxc2 Qf2 38. Rc3 Bb3 39. Rf3 Re1+ 0-1

[Event "SR 2. liga A 2018/2019"]
[Site "?"]
[Date "2018.12.15"]
[Round "5.8"]
[White "Hrubsa, Marian"]
[Black "Musaev, Matej Elbek"]
[Result "0-1"]
[WhiteElo "1926"]
[BlackElo "1671"]
[PlyCount "112"]
[EventDate "2018.??.??"]
[WhiteTeam "SK Skalica"]
[BlackTeam "SK Kupele Piestany"]

1. e4 c5 2. Nf3 d6 3. d4 cxd4 4. Nxd4 Nf6 5. Nc3 a6 6. Be2 e6 7. Be3 Be7 8. O-O
Qc7 9. Qe1 O-O 10. f4 b5 11. a3 Bb7 12. Bd3 Nbd7 13. Qg3 Rfd8 14. Qh3 Nc5 15.
e5 dxe5 16. fxe5 Qxe5 17. Rae1 Nxd3 18. cxd3 Bc5 19. Nb3 Bxe3+ 20. Rxe3 Qh5 21.
Qg3 Ng4 22. Qh3 Qxh3 23. Rxh3 Ne5 24. Nc5 Bd5 25. Re3 Nd7 26. N5e4 Nb6 27. Ng5
Ra7 28. h4 h6 29. Nh3 Rad7 30. Nf4 Bb7 31. Rg3 Kh8 32. Nh5 g6 33. Nf4 Rg8 34.
Nfe2 Rgd8 35. Nf4 Kh7 36. Nfe2 Nc8 37. Re3 Kg7 38. Nf4 Ne7 39. g4 Rd4 40. Nce2
R4d6 41. Nc3 Nd5 42. Ncxd5 Bxd5 43. Re2 Rc8 44. Ref2 Rc7 45. Ne2 Bb3 46. Nc3
Rxd3 47. Ne4 Bd5 48. Nf6 Re7 49. Kh2 e5 50. Rc1 Bc4 51. a4 e4 52. g5 e3 53.
gxh6+ Kxh6 54. Ng8+ Kg7 55. Nxe7 exf2 56. Kg2 Rd2 0-1

[Event "SR 2. liga A 2018/2019"]
[Site "?"]
[Date "2018.12.15"]
[Round "5.1"]
[White "Kostolansky, Sebastian"]
[Black "Ruckschloss, Karol"]
[Result "1-0"]
[WhiteElo "2313"]
[BlackElo "2228"]
[PlyCount "143"]
[EventDate "2018.??.??"]
[WhiteTeam "SK Slovan Bratislava E"]
[BlackTeam "SK Slovan Bratislava D"]

1. e4 d6 2. d4 Nf6 3. Nc3 g6 4. f4 c6 5. Nf3 Bg7 6. Be2 O-O 7. O-O b5 8. e5 Ne8
9. Be3 Nc7 10. Qe1 f5 11. Qg3 b4 12. Nd1 Ba6 13. Bxa6 Nbxa6 14. h4 Ne6 15. h5
gxh5 16. Nf2 Nac7 17. Rae1 Qe8 18. c4 bxc3 19. bxc3 Kh8 20. Nh4 Qf7 21. Qf3 d5
22. Nh1 Bh6 23. Ng3 Ng7 24. Rb1 Rab8 25. a4 Rb6 26. a5 Rb5 27. c4 Rbb8 28. Kh2
e6 29. c5 Nb5 30. Qf2 Nc3 31. Rxb8 Rxb8 32. Qc2 Ne4 33. Rb1 Qc7 34. Nf3 Rxb1
35. Qxb1 Nc3 36. Qb4 Nb5 37. Ne2 Ne8 38. Nc3 Nxc3 39. Qxc3 Qb7 40. Qe1 Bf8 41.
Qh4 Qe7 42. Qxh5 Nc7 43. Bf2 Qe8 44. Qxe8 Nxe8 45. Ng5 Nc7 46. Nf7+ Kg8 47. Nd8
a6 48. Bh4 Bh6 49. Kg3 Kf8 50. Nxc6 Ke8 51. Nb8 Nb5 52. c6 Bf8 53. Nxa6 Nxd4
54. Nb8 Nb5 55. Nd7 Na7 56. Nf6+ Kf7 57. c7 Bb4 58. a6 Ba5 59. Nxh7 Bxc7 60.
Ng5+ Ke7 61. Ne4+ Kf7 62. Ng5+ Ke7 63. Ne4+ Kf7 64. Nd6+ Kf8 65. Kf3 Bb6 66.
Ke2 Kg7 67. Bf2 Bxf2 68. Kxf2 Kf8 69. Ke3 Ke7 70. Kd4 Kd7 71. Kc5 Kc7 72. Nxf5
1-0

[Event "SR 2. liga A 2018/2019"]
[Site "?"]
[Date "2018.12.15"]
[Round "5.2"]
[White "Kolcak, Marek"]
[Black "Jancovic, Peter"]
[Result "0-1"]
[WhiteElo "2144"]
[BlackElo "2286"]
[PlyCount "90"]
[EventDate "2018.??.??"]
[WhiteTeam "SK Slovan Bratislava D"]
[BlackTeam "SK Slovan Bratislava E"]

1. e4 c5 2. Nf3 Nc6 3. d4 cxd4 4. Nxd4 Nf6 5. Nc3 d6 6. Bg5 h6 7. Bxf6 gxf6 8.
Be2 Rg8 9. g3 Qb6 10. Nb3 f5 11. Nd5 Qd8 12. Qd3 e6 13. Ne3 fxe4 14. Qxe4 d5
15. Qh7 Qg5 16. f4 Qg6 17. Qxg6 fxg6 18. O-O-O Bd7 19. Ng4 Bg7 20. Rhe1 Rc8 21.
Ne5 Nxe5 22. fxe5 Rf8 23. Bd3 g5 24. Nd4 a6 25. Re3 Ke7 26. Rf1 Rxf1+ 27. Bxf1
Rf8 28. Be2 Rf2 29. h3 Be8 30. Bg4 Bf7 31. Rb3 Bxe5 32. Rxb7+ Kf6 33. Nc6 Bxg3
34. Nd8 Bg6 35. Bxe6 Rxc2+ 36. Kd1 Bf4 37. Rb6 Rc1+ 38. Ke2 Bc7 39. Rxa6 Bxd8
40. Bxd5+ Kg7 41. Ra7+ Rc7 42. Rxc7+ Bxc7 43. b4 Bf5 44. Bg2 Kf6 45. a4 Bd6 0-1

[Event "SR 2. liga A 2018/2019"]
[Site "?"]
[Date "2018.12.15"]
[Round "5.3"]
[White "Nestorenko, Dmitry"]
[Black "Fabry, Robert"]
[Result "0-1"]
[WhiteElo "2193"]
[BlackElo "2096"]
[PlyCount "110"]
[EventDate "2018.??.??"]
[WhiteTeam "SK Slovan Bratislava E"]
[BlackTeam "SK Slovan Bratislava D"]

1. e4 e5 2. Nf3 Nc6 3. c3 Nf6 4. d4 d5 5. Bb5 Nxe4 6. Nxe5 Bd7 7. Nxd7 Qxd7 8.
O-O Be7 9. f3 Nf6 10. Re1 O-O 11. Bxc6 bxc6 12. Bg5 Rfe8 13. Bxf6 Bxf6 14. Nd2
c5 15. dxc5 Rxe1+ 16. Qxe1 Qb5 17. Nb3 Rb8 18. Qg3 a5 19. Qxc7 a4 20. Nd2 Re8
21. Qb6 Qe2 22. Qc6 Rd8 23. Nf1 Qxb2 24. Re1 Kf8 25. Qxa4 d4 26. c6 dxc3 27. c7
Qb6+ 28. Ne3 Qxc7 29. Kh1 Qd7 30. Qb4+ Qd6 31. Qe4 Qd3 32. Qb4+ Be7 33. Qa4 Bg5
34. f4 Qd2 35. Nc2 Bxf4 36. Qe4 g6 37. g3 Bg5 38. Re2 Qd5 39. Qxd5 Rxd5 40. Kg2
Rb5 41. Na3 Bd2 42. Nxb5 c2 43. Rxd2 c1=Q 44. Rd8+ Ke7 45. Rb8 Qb2+ 46. Kh3
Qxa2 47. Rb7+ Kf6 48. Nd4 Qf2 49. Rb6+ Ke5 50. Nc6+ Kd6 51. Na5+ Kc7 52. Rb7+
Kc8 53. g4 g5 54. Rb3 Qf1+ 55. Kg3 Qe1+ 0-1

[Event "SR 2. liga A 2018/2019"]
[Site "?"]
[Date "2018.12.15"]
[Round "5.4"]
[White "Kolman, Richard"]
[Black "Zetocha, Adrian"]
[Result "0-1"]
[WhiteElo "1997"]
[BlackElo "2190"]
[PlyCount "78"]
[EventDate "2018.??.??"]
[WhiteTeam "SK Slovan Bratislava D"]
[BlackTeam "SK Slovan Bratislava E"]

1. d4 d5 2. Nf3 Nf6 3. Bf4 c5 4. e3 Nc6 5. c3 cxd4 6. exd4 g6 7. Nbd2 Bg7 8.
Be2 O-O 9. Ne5 Nd7 10. Nxd7 Qxd7 11. Nf3 Re8 12. O-O Qd8 13. Qd2 Bg4 14. h3
Bxf3 15. Bxf3 Qd7 16. Rfe1 b5 17. a3 e6 18. Be2 Na5 19. Qd3 a6 20. Bd1 Rec8 21.
a4 Qb7 22. axb5 axb5 23. Be2 b4 24. Bd2 Nc4 25. Rxa8 Qxa8 26. cxb4 Nxb2 27. Qa6
Bxd4 28. b5 Qb8 29. Bf4 Bxf2+ 30. Kxf2 Qxf4+ 31. Bf3 Rc2+ 32. Kg1 Qd4+ 33. Kh1
Nd3 34. Rf1 Nf2+ 35. Kh2 Qf4+ 36. Kg1 Nxh3+ 37. Kh1 Nf2+ 38. Kg1 Qd4 39. Kh2
Qh4+ 0-1

[Event "SR 2. liga A 2018/2019"]
[Site "?"]
[Date "2018.12.15"]
[Round "5.5"]
[White "Vadila, Ondrej"]
[Black "Mikulas, Dusan"]
[Result "1/2-1/2"]
[WhiteElo "2071"]
[BlackElo "1982"]
[PlyCount "38"]
[EventDate "2018.??.??"]
[WhiteTeam "SK Slovan Bratislava E"]
[BlackTeam "SK Slovan Bratislava D"]

1. d4 c5 2. d5 f5 3. Nf3 Nf6 4. Nc3 g6 5. e3 d6 6. Bb5+ Bd7 7. Ng5 Bxb5 8. Nxb5
Qa5+ 9. Nc3 Na6 10. Bd2 Nc7 11. Nce4 Qa6 12. Nxf6+ exf6 13. Bc3 Be7 14. Qf3 b5
15. b3 b4 16. Bb2 Qb7 17. Rd1 O-O 18. Nh3 Qa6 19. Ra1 c4 1/2-1/2

[Event "SR 2. liga A 2018/2019"]
[Site "?"]
[Date "2018.12.15"]
[Round "5.6"]
[White "Sturc, Gustav"]
[Black "Djubek, Boris"]
[Result "1/2-1/2"]
[WhiteElo "1978"]
[BlackElo "2097"]
[PlyCount "51"]
[EventDate "2018.??.??"]
[WhiteTeam "SK Slovan Bratislava D"]
[BlackTeam "SK Slovan Bratislava E"]

1. e4 c5 2. c3 d5 3. exd5 Qxd5 4. d4 Nf6 5. Nf3 e6 6. c4 Qd8 7. Be2 Nc6 8. dxc5
Qxd1+ 9. Bxd1 Bxc5 10. O-O O-O 11. Nc3 Bd7 12. a3 Rac8 13. b4 Be7 14. Bb2 Rfd8
15. Be2 Be8 16. Rfd1 h6 17. h3 Kf8 18. Rac1 Rxd1+ 19. Rxd1 Rd8 20. Rxd8 Bxd8
21. Bd3 Be7 22. Ne4 Nxe4 23. Bxe4 Bf6 24. Bxf6 gxf6 25. g4 Ke7 26. Kf1 1/2-1/2

[Event "SR 2. liga A 2018/2019"]
[Site "?"]
[Date "2018.12.15"]
[Round "5.7"]
[White "Sulek, Viliam"]
[Black "Kuna, Vladimir"]
[Result "0-1"]
[WhiteElo "2024"]
[BlackElo "1989"]
[PlyCount "82"]
[EventDate "2018.??.??"]
[WhiteTeam "SK Slovan Bratislava E"]
[BlackTeam "SK Slovan Bratislava D"]

1. e4 c5 2. Nf3 d6 3. d4 cxd4 4. Nxd4 Nf6 5. Nc3 a6 6. g3 e6 7. Bg2 Be7 8. O-O
O-O 9. a4 Qc7 10. h3 Bd7 11. g4 Nc6 12. Be3 Nxd4 13. Bxd4 Bc6 14. Re1 Rac8 15.
a5 Nd7 16. f4 Rfe8 17. Re2 Bh4 18. Be3 Bf6 19. Ra3 Be7 20. Bf2 h6 21. Qe1 Bf6
22. h4 Bxc3 23. Rxc3 Qxa5 24. g5 hxg5 25. hxg5 Bb5 26. Ree3 Rxc3 27. Rxc3 Bc6
28. Qd1 Qb5 29. Qh5 Qxb2 30. Rh3 Kf8 31. c3 g6 32. Qh6+ Ke7 33. f5 exf5 34.
exf5 Qb1+ 35. Kh2 Qxf5 36. Qh4 Ne5 37. Bxc6 bxc6 38. Re3 Kd7 39. Kh1 Rb8 40.
Kg2 Rb2 41. Kf1 Rxf2+ 0-1

[Event "SR 2. liga A 2018/2019"]
[Site "?"]
[Date "2018.12.15"]
[Round "5.8"]
[White "Zdrazil, Bohumir"]
[Black "Cambel, Vladimir"]
[Result "0-1"]
[WhiteElo "1851"]
[BlackElo "1952"]
[PlyCount "98"]
[EventDate "2018.??.??"]
[WhiteTeam "SK Slovan Bratislava D"]
[BlackTeam "SK Slovan Bratislava E"]

1. Nf3 g6 2. c4 Bg7 3. Nc3 c5 4. g3 Nc6 5. Bg2 e6 6. e3 Nge7 7. O-O Nf5 8. e4
Nfd4 9. Nxd4 Nxd4 10. Ne2 O-O 11. Nxd4 Bxd4 12. Kh1 Rb8 13. Rb1 b5 14. d3 Qa5
15. a3 bxc4 16. dxc4 f5 17. exf5 Rxf5 18. f4 Qa6 19. Qe2 d5 20. Be3 dxc4 21.
Rfc1 c3 22. Qxa6 Bxa6 23. Bxd4 cxd4 24. bxc3 Rxb1 25. Rxb1 dxc3 26. Be4 Rc5 27.
Rc1 Bb5 28. Bc2 Kf7 29. Kg1 Kf6 30. Kf2 h6 31. Ke3 g5 32. Rd1 Be8 33. fxg5+
hxg5 34. Kd4 Rc7 35. Rf1+ Kg7 36. Rf3 Bg6 37. Rxc3 Rxc3 38. Kxc3 Bxc2 39. Kxc2
g4 40. Kd3 Kf6 41. Ke4 e5 42. a4 Ke6 43. Ke3 Kd5 44. Kd3 e4+ 45. Ke3 Ke5 46. a5
a6 47. Ke2 Kd4 48. Kd2 e3+ 49. Ke2 Ke4 0-1

[Event "SR 2. liga A 2018/2019"]
[Site "?"]
[Date "2018.12.15"]
[Round "5.1"]
[White "Antoli Royo, Joaquin Miguel"]
[Black "Sosovicka, Jakub"]
[Result "1-0"]
[WhiteElo "2437"]
[BlackElo "2112"]
[PlyCount "51"]
[EventDate "2018.??.??"]
[WhiteTeam "SK Doprastav"]
[BlackTeam "SK Krasnany"]

1. e4 c5 2. Nf3 d6 3. c3 Nf6 4. Be2 Nc6 5. d4 cxd4 6. cxd4 Nxe4 7. d5 Qa5+ 8.
Nc3 Nxc3 9. bxc3 Ne5 10. Nxe5 dxe5 11. O-O e6 12. Rb1 Qxd5 13. Qc2 a6 14. Bf3
Qa5 15. Rd1 Bc5 16. Be4 h6 17. Qd3 O-O 18. Bxh6 gxh6 19. Qg3+ Kh8 20. Qh4 Kg7
21. Qg3+ Kh8 22. Qh4 Kg7 23. Rd3 f5 24. Qg3+ Kh7 25. Rxb7+ Bxb7 26. Rd7+ 1-0

[Event "SR 2. liga A 2018/2019"]
[Site "?"]
[Date "2018.12.15"]
[Round "5.2"]
[White "Sukuba, Zdeno"]
[Black "Sahidi, Samir"]
[Result "0-1"]
[WhiteElo "2168"]
[BlackElo "2298"]
[PlyCount "114"]
[EventDate "2018.??.??"]
[WhiteTeam "SK Krasnany"]
[BlackTeam "SK Doprastav"]

1. c4 Nf6 2. Nf3 e6 3. d3 d5 4. e3 Be7 5. Be2 O-O 6. O-O c6 7. b3 b5 8. Bb2 Qb6
9. Qc2 a5 10. Nbd2 Ba6 11. Rac1 Nbd7 12. cxb5 cxb5 13. Qc7 Rfc8 14. Qxb6 Nxb6
15. a3 Nfd7 16. Rxc8+ Rxc8 17. Rc1 Rxc1+ 18. Bxc1 b4 19. a4 Nc5 20. Ne1 Bf6 21.
Bf1 e5 22. Bb2 Ne6 23. Nc2 Bb7 24. d4 e4 25. f4 h5 26. Be2 g6 27. Ne1 Be7 28.
g3 Bc6 29. Ng2 Kh7 30. f5 Ng7 31. fxg6+ fxg6 32. Nf4 Bd7 33. Kf2 Kh6 34. h4 Nf5
35. Ba6 Nd6 36. Be2 Nf5 37. Ba6 Bd6 38. Nf1 Bxf4 39. exf4 Bxa4 40. bxa4 Nxa4
41. Ba1 b3 42. Bc8 Ne7 43. Be6 b2 44. Bxb2 Nxb2 45. Ne3 Nd3+ 46. Ke2 Nb4 47.
Kd2 Kg7 48. Kc3 Kf6 49. Bd7 Nd3 50. Bb5 Nf2 51. Bd7 Nh1 52. Nf1 Nf5 53. Bxf5
Kxf5 54. Ne3+ Ke6 55. g4 hxg4 56. Nxg4 Ng3 57. Kd2 Nf5 0-1

[Event "SR 2. liga A 2018/2019"]
[Site "?"]
[Date "2018.12.15"]
[Round "5.3"]
[White "Schwarz, Dusan"]
[Black "Bronis, Marian"]
[Result "1-0"]
[WhiteElo "2326"]
[BlackElo "2085"]
[PlyCount "149"]
[EventDate "2018.??.??"]
[WhiteTeam "SK Doprastav"]
[BlackTeam "SK Krasnany"]

1. d4 d6 2. c4 e5 3. Nc3 exd4 4. Qxd4 Nc6 5. Qd2 g6 6. b3 Bg7 7. Bb2 Nf6 8. g3
O-O 9. Bg2 Re8 10. Nf3 Be6 11. Rd1 Qd7 12. O-O h6 13. Rfe1 a5 14. Qc1 Qc8 15.
Qa1 Nh5 16. Nd5 Bxd5 17. Rxd5 Nb4 18. Rd2 a4 19. Bxg7 Nxg7 20. Qc3 Na6 21. b4
Rb8 22. a3 Re7 23. Nd4 Qe8 24. e3 Ne6 25. Nxe6 Rxe6 26. Bd5 Re5 27. f4 Re7 28.
Qf6 Kh7 29. Rde2 c6 30. Bg2 Rd8 31. e4 Nc7 32. Qb2 Ne6 33. e5 dxe5 34. Qxe5 Qh8
35. f5 Qxe5 36. fxg6+ Kxg6 37. Rxe5 Red7 38. Bh3 Ng5 39. Bxd7 Nf3+ 40. Kf2 Nxe1
41. Bf5+ Kf6 42. Ra5 Nc2 43. Bxc2 Rd2+ 44. Kg1 Rxc2 45. c5 Kf5 46. Rxa4 h5 47.
Ra7 Kg4 48. Rxb7 f5 49. Re7 Kf3 50. Re1 Ra2 51. Rf1+ Kg4 52. Rf4+ Kg5 53. Rf3
Kg4 54. Rf4+ Kg5 55. h4+ Kf6 56. Rf3 Ke5 57. Kf1 Ke4 58. Rb3 f4 59. gxf4 Kxf4
60. Rc3 Rb2 61. Ke1 Ke4 62. Kd1 Kd4 63. Rg3 Kc4 64. Rf3 Rh2 65. Rf6 Kb5 66. Rf8
Rxh4 67. Rb8+ Kc4 68. a4 Kc3 69. a5 Rh1+ 70. Ke2 Kc4 71. b5 Kxc5 72. b6 Rb1 73.
a6 Rb2+ 74. Kd3 Rb3+ 75. Kc2 1-0

[Event "SR 2. liga A 2018/2019"]
[Site "?"]
[Date "2018.12.15"]
[Round "5.4"]
[White "Janos, Ivan"]
[Black "Cech, Dominik"]
[Result "0-1"]
[WhiteElo "2107"]
[BlackElo "2153"]
[PlyCount "66"]
[EventDate "2018.??.??"]
[WhiteTeam "SK Krasnany"]
[BlackTeam "SK Doprastav"]

1. e4 c5 2. Nf3 e6 3. d3 Nc6 4. g3 d6 5. Bg2 Nge7 6. Nbd2 g6 7. O-O Bg7 8. Re1
O-O 9. c3 Rb8 10. Nb3 e5 11. Be3 b6 12. Qd2 a5 13. Rad1 d5 14. exd5 Nxd5 15.
Bh6 Re8 16. Bxg7 Kxg7 17. d4 exd4 18. Rxe8 Qxe8 19. Nfxd4 Nxd4 20. cxd4 Nf6 21.
dxc5 a4 22. Nd4 bxc5 23. Nc6 Rb6 24. Na5 Be6 25. Nb7 Qb5 26. Nd8 Bxa2 27. b4
Bb3 28. bxc5 Qxc5 29. Nb7 Rxb7 30. Bxb7 Bxd1 31. Qxd1 Qb5 32. Bf3 a3 33. Qa1
Qb2 0-1

[Event "SR 2. liga A 2018/2019"]
[Site "?"]
[Date "2018.12.15"]
[Round "5.5"]
[White "Polacik, Igor"]
[Black "Biro, Karol"]
[Result "1/2-1/2"]
[WhiteElo "2214"]
[BlackElo "2049"]
[PlyCount "80"]
[EventDate "2018.??.??"]
[WhiteTeam "SK Doprastav"]
[BlackTeam "SK Krasnany"]

1. e4 e5 2. Nf3 Nc6 3. d4 exd4 4. Nxd4 Bc5 5. Nb3 Bb6 6. Nc3 d6 7. Qe2 Nf6 8.
Be3 O-O 9. O-O-O Bxe3+ 10. Qxe3 Be6 11. Nc5 Qc8 12. Nxe6 Qxe6 13. f3 Rfe8 14.
Qd2 Ne5 15. Bb5 c6 16. Ba4 Nc4 17. Qd4 Red8 18. Bb3 b5 19. Rhe1 h6 20. Rd2 a6
21. Bxc4 bxc4 22. Qb6 Rdc8 23. Red1 d5 24. exd5 cxd5 25. Qa5 Qe3 26. Kb1 Rc5
27. Qb6 Qe7 28. Qb4 Qc7 29. Nxd5 Nxd5 30. Rxd5 Rxd5 31. Rxd5 Qxh2 32. a4 Qxg2
33. Qxc4 Qxf3 34. Qc6 Rf8 35. c4 Qe2 36. Qxa6 h5 37. Qb5 h4 38. Qb3 Rc8 39. c5
h3 40. Qxh3 Rb8 1/2-1/2